Código tributario: edición oficial aprobada por el Decreto Exento No 1453 de 5 julio de 2016 del Ministerio de Justicia y Derechos Humanos
Збережено в:
| Співавтор: | |
|---|---|
| Формат: | Книга |
| Мова: | Іспанська |
| Опубліковано: |
Santiago, Chile:
Jurídica,
2016
|
| Редагування: | Trigésima Edición. |
| Предмети: | |
| Теги: |
Додати тег
Немає тегів, Будьте першим, хто поставить тег для цього запису!
|
MARC
| LEADER | 00000cam a2200000 a 4500 | ||
|---|---|---|---|
| 001 | UCD5800 | ||
| 003 | CL-VaPUC | ||
| 005 | 20241125125607.0 | ||
| 008 | 161007e20160000cl |||||||||||||||||spa|d | ||
| 999 | |c 366352 |d 366350 | ||
| 020 | |a 9789561024069 | ||
| 040 | |c Pontificia Universidad Católica de Valparaíso | ||
| 082 | 0 | 4 | |a 343.8304 CHI 2016 |2 21 |
| 110 | 1 | |a Chile |9 890760 | |
| 245 | 1 | 0 | |a Código tributario: edición oficial aprobada por el Decreto Exento No 1453 de 5 julio de 2016 del Ministerio de Justicia y Derechos Humanos |
| 250 | |a Trigésima Edición. | ||
| 260 | |a Santiago, Chile: |b Jurídica, |c 2016 | ||
| 300 | |a 765 páginas | ||
| 505 | |a -Decreto Ley N.º 830. Aprueba texto que señala del Código Tributario. -Título Preliminar. -Libro I. De la Administración, Fiscalización y Pago. -Libro II. De los Apremios y de las Infracciones y Sanciones. -Libro III. De la Competencia para conocer de los Asuntos Contenciosos Tributarios, de los Procedimientos y de la Prescripción. Apéndice (Actualizado al 18 de agosto de 2016): -Decreto con Fuerza de Ley N.º 3. Reglamento del sistema de Rol Único Tributario. -Decreto Supremo N.º 668. Fija normas sobre pago de obligaciones tributarias. -Ley N.º 18.320. Establece normas que incentivan el cumplimiento tributario. -Decreto Ley N.º 824. Aprueba texto que indica de la ley sobre Impuesto a la Renta. -Decreto Ley N.º 825. Impuesto a las Ventas y Servicios. -Decreto Supremo N.º 55. Reglamento de la Ley sobre Impuesto a las Ventas y Servicios. -Decreto Supremo N.º 348. Texto refundido aprobado por Decreto Supremo N.º 79, de 1991. -Decreto Ley N.º 3.475. Impuesto de Timbres y Estampillas. -Ley N.º 17.235. Sobre Impuesto Territorial. Texto refundido fijado por el Decreto con Fuerza de Ley N.º 1, de 1998. -Ley N.º 20.322. Fortalece y perfecciona la jurisdicción tributaria y aduanera. -Ley N.º 20.544. Regula el tratamiento tributario de los instrumentos derivados. | ||
| 583 | |a last modification |c 20161007 09:49:00 |k Rodrigo Vera | ||
| 650 | 0 | |a Derecho tributario chileno |9 485061 | |
| 650 | 0 | |a Código tributario |9 350428 | |
| 650 | 0 | |a Impuestos tributarios |9 501175 | |
| 650 | 0 | |a Jurisprudencia tributaria |9 369427 | |
| 942 | |c BK |2 ddc | ||
| 945 | |d 20161007 09:49:00 |a arojas | ||
| 952 | |0 0 |1 0 |3 erb |4 0 |6 343_830400000000000_CHI_2016 |7 0 |8 R |9 480538 |a BIBDER |b BIBDER |i 5344638 |o 343.8304 CHI 2016 |p 5344638 |r 2023-01-25 |w 2019-11-24 |y BK_R |z Catalogado en:20161007 |k DER | ||
| 952 | |0 0 |1 0 |3 erb |4 0 |6 343_830400000000000_CHI_2016 |7 0 |8 R |9 480539 |a BIBDER |b BIBDER |i 5344646 |o 343.8304 CHI 2016 |p 5344646 |r 2023-01-25 |w 2019-11-24 |y BK_R |z Catalogado en:20161007 |k DER | ||
| 952 | |0 0 |1 0 |3 erb |4 0 |6 343_830400000000000_CHI_2016 |7 0 |8 R |9 480540 |a BIBDER |b BIBDER |i 5344654 |o 343.8304 CHI 2016 |p 5344654 |r 2023-01-25 |w 2019-11-24 |y BK_R |z Catalogado en:20161007 |k DER | ||